LEADER 01077nam a2200265 i 4500 001 000000129025 003 CaOOAMICUS 005 20040913000000.0 008 040913s1978 it u000 u ita u 013 $a101758 040 $aSeMil$bita 100 1 $aAubert, Jean-Marie,$c.$0(OLS)http://semarc/name/89858 245 13$aLa donna :$bantifemminismo e cristianesimo /$cJean-Marie Aubert. 250 $a2. ed riveduta e corretta. 260 $aAssisi :$bCittadella,$cstampa 1978. 300 $a224 p. ;$c20 cm. 490 0 $aOrizzonti nuovi 500 $aContiene : Bibliografia sulla donna. 650 4$aDonna - Concezione cristiana.$0(OLS)http://semarc/subject/3207 830 0$aOrizzonti nuovi.$0(OLS)http://semarc/title/6284 850 $aSeMil 852 $aSeMil$W1$xVenegono$y1$m3E IV 316$j83167$B83167$CSeMilBibl$Z2$F86287 $81 961 $aLascito: Mazzoleni don Maurilio 996 $6245$aLa donna :$bantifemminismo e cristianesimo$9(OLS)http://semarc/title/190658 996 $6260$aAssisi :$bCittadella$9(OLS)http://semarc/publisher/29661 LEADER 00849nas a2200229 i 4500 001 000000240268 003 CaOOAMICUS 005 20150326000000.0 008 150326b1845 xx uu u0 0lat r 013 $a219173 040 $aSeMil$bita 245 10$a1845. 260 $aMilano :$bAgnelli Jacobus Impress. Archiep.,$c1845. 300 $a40 p. ;$c21 cm. 500 $aFondo card. C. M. Martini. 773 0 $tCalendarium Ambrosianum.$dMediolani : Typis Galeatium & filios impressores archiepiscopales, 1800-1969.$w()2075 850 $aSeMil 852 $aSeMil$W1$xVenegono$y1$m203 4 1/46$j190614$B190614$CSeMilBibl$Z2$F201465 $85 941 1 $a4 961 $aLascito: Martini Card. Carlo Maria 996 $6245$a1845$9(OLS)http://semarc/title/341837 996 $6260$aMilano :$bAgnelli Jacobus Impress. Archiep.$9(OLS)http://semarc/publisher/44629